Vista normal
Vista MARC
Entrada Materia (personas)
Número de registros utilizados en: 1
001 - CONTROL NUMBER
- control field: 171700
003 - CONTROL NUMBER IDENTIFIER
- control field: Co-BoUCM
005 - DATE AND TIME OF LATEST TRANSACTION
- control field: 20211112084110.0
008 - FIXED-LENGTH DATA ELEMENTS
- fixed length control field: 211112|| aca||aabn | a|a d
040 ## - CATALOGING SOURCE
- Original cataloging agency: Co-BoUCM
- Transcribing agency: Co-BoUCM
100 ## - HEADING--PERSONAL NAME
- Personal name: Bajtim, Mijail Mijailovich
- Dates associated with a name: 1895-1975
670 ## - SOURCE DATA FOUND
- Source citation: Work cat.: (Co-BoUCM)91635: Bajtim, Mijail Mijailovich 1895-1975, La cultura popular en la edad media y en el renacimiento el contexto de Francois Rabelais, 2003